Quick Pick: Songs in White Quiz Stats

 Plays Quiz Updated Jan 30, 2018

Challenge
Share
Tweet
Embed
Score 0/10 Timer 01:00
0 Plays Today
% Correct
Bing Crosby
94.6%
Michael Jackson
92.1%
Billy Idol
83%
The Moody Blues
74.5%
Jefferson Airplane
74.1%
The Offspring
64.3%
Procol Harum
62.9%
Foreigner
49%
Coldplay
46.5%
Point Blank
38.7%

Today's Daily Dose

You're not logged in!

Compare scores with friends on all Sporcle quizzes.
Join for Free
OR
Log In

You Might Also Like...

Show Comments

Extras

Top Quizzes Today


Score Distribution

Your Account Isn't Verified!

In order to create a playlist on Sporcle, you need to verify the email address you used during registration. Go to your Sporcle Settings to finish the process.

Report this User

Report this user for behavior that violates our Community Guidelines.

Details: